00656nam a2200145Ia 4500008004100000020001800041100001800059245008700077260003900164650013700203650001400340856004500354999001900399952009200418171212s9999 xx 000 0 und d a9780874216912 aWeems, Mickey cWeems, MickeyaThe Fierce TribebMasculine Identity and Performance in the Circuit bUniversity Press of Coloradoc2008 aGay and lesbian dance parties -- Social aspects -- United States; Gay culture -- United States; Gay men -- United States -- Identity aSociology uwww.jstor.org/stable/10.2307/j.ctt4cgq6k c353179d353179 001040aCLbCLd2017-12-12l0oGV1749.5.W44 2008r2017-12-12 00:00:00w2017-12-12yCBE